000 00661nam a2200253Ia 4500
003 OSt
005 20220918163559.0
006 a|||||r|||| 00| 0
007 ta
008 220917b |||||||| |||| 00| 0 eng d
020 _a0192118749
024 _a34,018
037 _cTextual
040 _aARTS
_cARTS
_beng
041 _2eng
_aeng
082 _aO111,1NSTx, L7
100 _aStevenson Anne
_913994
245 0 _aEnough of green
260 _aOxford
_bOxford University Press
_c1977
300 _avi,44p.
_ccm.
650 _aENGLISH LITERATURE
942 _hO111,1NSTx, L7
_cTEXL
_2CC
999 _c120289
_d120289